Miasta nad Wartą - Statystyki

Ogólne statystyki
  • Ten quiz został rozwiązany 147 razy
  • Średni wynik to 8 z 22
Statystyki odpowiedzi
Miasto % Poprawnych
Poznań
98%
Częstochowa
61%
Gorzów Wielkopolski
61%
Konin
60%
Koło
49%
Sieradz
48%
Kostrzyn nad Odrą
39%
Zawiercie
37%
Warta
36%
Śrem
34%
Oborniki
32%
Luboń
30%
Myszków
27%
Uniejów
27%
Puszczykowo
24%
Międzychód
22%
Wronki
22%
Skwierzyna
16%
Pyzdry
13%
Działoszyn
12%
Obrzycko
12%
Sieraków
12%
Nie znaleziono quizów pasujących do podanych kryteriów
Rozkład punktacji
Procent ludzi z każdym wynikiem
Percentyl według liczby udzielonych odpowiedzi
Twoja historia wyników
Nie rozwiązałeś tego quizu